| 000 | 00440nam a2200193Ia 4500 | ||
|---|---|---|---|
| 008 | 240510s9999 xx 000 0 und d | ||
| 020 | _a0000672270684 | ||
| 041 | _aEng | ||
| 082 | _a005.3 | ||
| 082 | _bB58 | ||
| 100 | _aBOWMAN D. , BOWMAN A.C. | ||
| 245 | 0 | _aUNDERSTANDING CAD/CAM | |
| 260 | _bINDIANA : HOWARD W. SAMS | ||
| 260 | _c1987 | ||
| 300 | _a300 p. | ||
| 650 | _aCAD : CAM : PROGRAMS | ||
| 942 | _2ddc | ||
| 942 | _cLBK | ||
| 999 |
_c25743 _d25743 |
||
| 945 |
_a1 _bMadushi Gamage _c1 _dMadushi Gamage |
||